| 000 | 00813nam a22002297a 4500 | ||
|---|---|---|---|
| 999 |
_c50 _d50 |
||
| 003 | AR-CdUCM | ||
| 008 | 190221b ||||| |||| 00| 0 spa d | ||
| 040 |
_aMUNICIPALIDAD PROVINCIAL DEL CUSCO _cBIBLIOTECA MUNICIPAL DEL CUSCO |
||
| 082 |
_a980.0191 / _bB38 |
||
| 100 |
_aBenzoni, Jeronimo M. _9245 |
||
| 245 | _aLa Historia del Nuevo Mundo | ||
| 260 |
_aLima _bUniversidad Nacional Mayor de San Marcos _c1967 |
||
| 300 |
_a77 paginas. _c21 cm. |
||
| 505 | _aDescubrimiento y Conquista de América --La historia del mundo nuevo, su difusión y fortuna -- Benzoni, Aventurero indiano | ||
| 650 |
_aHistoria _9246 |
||
| 650 |
_aCrónicas _9247 |
||
| 650 |
_aConquistas _9248 |
||
| 650 |
_aDescubrimiento _9249 |
||
| 700 |
_aRadicati Di Primeglio, Carlos _9250 |
||
| 942 |
_2ddc _cLIBROS |
||
| 945 |
_aacv _d2019-02-21 |
||